| 000 | 00644nam a2200241Ia 4500 | ||
|---|---|---|---|
| 001 | 3116 | ||
| 005 | 20240113233613.0 | ||
| 007 | ta | ||
| 008 | 050405s1985 g b000 u eng u | ||
| 040 | _aCotton College,Assam | ||
| 041 | _aeng | ||
| 082 |
_a540 _bPo 751 Hi |
||
| 100 | _aPoddar, S.N. . | ||
| 245 | 0 |
_aHigher Secondary Chemistry Vol. 1 / _cSailendra Nath Poddar. _hTextual Documents |
|
| 250 | _aIst ed. / | ||
| 260 |
_aCalcutta : _bBook Syndicate Private ltd. , _c1985. |
||
| 300 |
_a398pg ; _c27cm. |
||
| 653 | _aChemistry | ||
| 653 | _aG-Chemistry | ||
| 942 |
_2ddc _cBK |
||
| 999 |
_c3104 _d3104 |
||